• 首页
  • 本馆介绍
  • 公告通知
  • 最新文献
  • 馆藏检索
  • 电子资源
  • 读者导购
  • 参考咨询
  • 我的图书馆
  • 登录
  • 详细信息显示
  • 放入我的书架
  • 预约/预借图书
  • 作者相关作品
  • 分类相关作品
  • 丛书相关作品
  • 出版社相关作品

书目信息

  • 表格格式
  • 工作单格式
  • 卡片格式
题名:
计算语言学视窗
    
 
作者: 靳光瑾 编译 ;郑定欧 审校
分册:  
出版信息: 北京   北京广播学院出版社  2003
页数: 318页
开本: 20cm
丛书名:
单 册:
中图分类: H087
科图分类:
主题词: 数理语言学--研究
电子资源:
ISBN: 7-81085-140-3
000 00611nam0 2200205 45
001 0408131601
005 20040813162331.4
010    @a7-81085-140-3@dCNY19.00
100    @a20040813d2003 km y0chiy0120 ea
101 0  @achi
105    @a z 000yy
200 1  @a计算语言学视窗@AJi Suan Yu Yan Xue Shi Chuang@f靳光瑾编译@FJin Guang Jin Bian Yi@g郑定欧审校
210    @a北京@c北京广播学院出版社@d2003
215    @a318页@d20cm
606 0  @a数理语言学@x研究
690    @aH087@v4
701  0 @a靳光瑾@4编译
702  0 @a郑定欧@AZheng Ding Ou@4审校
801    @aCN@bTSTCL@c20040813
905    @b335484-491@dH087@e87@f8
    
    计算语言学视窗/靳光瑾编译/郑定欧审校.-北京:北京广播学院出版社,2003
    318页;20cm
    
    
    ISBN 7-81085-140-3:CNY19.00
    
●
相关链接 在E读中查询图书 在五车中查询图书 在当当中查询图书 在豆瓣中查询图书


正题名:计算语言学视窗     索取号:H087/87         预约/预借

序号 登录号 条形码 馆藏地/架位号 状态 备注
1 0335484   203354841   第四借阅区/ [索取号:H087/87] 在馆    
2 0335485   203354850   第四借阅区/ [索取号:H087/87] 在馆    
3 0335486   203354869   第四借阅区/ [索取号:H087/87] 在馆    
4 0335487   203354878   第四借阅区/ [索取号:H087/87] 在馆    
5 0335488   203354887   第四借阅区/ [索取号:H087/87] 在馆    
6 0335489   203354896   第四借阅区/ [索取号:H087/87] 在馆    
7 0335490   203354903   第四借阅区/ [索取号:H087/87] 在馆    
8 0335491   203354912   第二样本阅览室/ [索取号:H087/87] 在馆    
唐山师范学院图书馆 欢迎您!
大连网信软件有限公司© 版权所有